A bayesian estimation of macro and micro ces production functions (Registro nro. 26050)
[ vista simple ]
| 000 -LEADER | |
|---|---|
| fixed length control field | 00383 a2200121 4500 |
| 001 - CONTROL NUMBER | |
| control field | ART_12039 |
| 005 - DATE AND TIME OF LATEST TRANSACTION | |
| control field | 20260410161902.0 |
| 008 - FIXED-LENGTH DATA ELEMENTS--GENERAL INFORMATION | |
| fixed length control field | 260409a |
| 100 1# - MAIN ENTRY--PERSONAL NAME | |
| Personal name | Tsurumi, Hiroki |
| 245 10 - TITLE STATEMENT | |
| Title | A bayesian estimation of macro and micro ces production functions |
| 700 1# - ADDED ENTRY--PERSONAL NAME | |
| Personal name | Tsurumi, Yoshi |
| 773 0# - HOST ITEM ENTRY | |
| Title | Journal of econometrics |
| Related parts | - Vol. 4, Nº 1 (feb. 1976) |
| Record control number | REV11720 |
No hay ítems disponibles.